| 000 -CABECERA |
| campo de control de longitud fija |
00931nam a2200205 u 4500 |
| 001 - NÚMERO DE CONTROL |
| campo de control |
000062141 |
| 005 - FECHA Y HORA DE LA ÚLTIMA TRANSACCIÓN |
| campo de control |
20200120224203.0 |
| 008 - DATOS DE LONGITUD FIJA--INFORMACIÓN GENERAL |
| campo de control de longitud fija |
140716s2002 ck gr| 000 0 spa d |
| 041 0# - CÓDIGO DE LENGUA |
| Código de lengua del texto/banda sonora o título independiente |
Cspa |
| 043 ## - CÓDIGO DE ÁREA GEOGRÁFICA |
| Código de área geográfica |
c-k---- |
| 082 04 - NÚMERO DE LA CLASIFICACIÓN DECIMAL DEWEY |
| Número de clasificación |
711.4 |
| Número de documento/Ítem |
P71 |
| Número de edición |
21 |
| 110 2# - ENTRADA PRINCIPAL--NOMBRE DE ENTIDAD CORPORATIVA |
| Nombre de entidad corporativa o nombre de jurisdicción como elemento de entrada |
Primer Foro Internacional La Vivienda como Eje Articulador del Desarrollo Humano |
| Unidad subordinada |
(2002 : Cartagena de Indias) |
| 245 10 - MENCIÓN DE TÍTULO |
| Título |
Colombia, un país en construcción / |
| Mención de responsabilidad, etc. |
Primer Foro Internacional La Vivienda como Eje Articulador del Desarrollo Humano, Cartagena de Indias, Julio 31-Agosto 2 de 2002. |
| Medio |
[recurso electrónico] |
| 260 ## - PUBLICACIÓN, DISTRIBUCIÓN, ETC. |
| Lugar de publicación, distribución, etc. |
Cartagena de Indias : |
| Nombre del editor, distribuidor, etc. |
Fondo Nacional del Ahorro : MinDesarrollo : UNDP, |
| Fecha de publicación, distribución, etc. |
2002. |
| 300 ## - DESCRIPCIÓN FÍSICA |
| Extensión |
1 CD-Rom ; |
| Material acompañante/anejo |
12 cm. |
| 650 17 - PUNTO DE ACCESO ADICIONAL DE MATERIA--TÉRMINO DE MATERIA |
| Término de materia o nombre geográfico como elemento de entrada |
Vivienda de interes social |
| Subdivisión general |
Legislación |
| Subdivisión geográfica |
Colombia |
| Fuente del encabezamiento o término |
LEMB |
| 650 27 - PUNTO DE ACCESO ADICIONAL DE MATERIA--TÉRMINO DE MATERIA |
| Término de materia o nombre geográfico como elemento de entrada |
Vivienda |
| Subdivisión de forma |
Colombia |
| Fuente del encabezamiento o término |
LEMB |
| 650 27 - PUNTO DE ACCESO ADICIONAL DE MATERIA--TÉRMINO DE MATERIA |
| Término de materia o nombre geográfico como elemento de entrada |
Desarrollo sostenible |
| Subdivisión geográfica |
Colombia |
| Fuente del encabezamiento o término |
LEMB |
| 650 27 - PUNTO DE ACCESO ADICIONAL DE MATERIA--TÉRMINO DE MATERIA |
| Término de materia o nombre geográfico como elemento de entrada |
Préstamos bancarios |
| Subdivisión general |
Vivienda |
| Subdivisión geográfica |
Colombia |
| Fuente del encabezamiento o término |
LEMB |